[Event "London Chess Classic: Blitz A"]
[Site "London"]
[Date "2019.12.08"]
[Round "9"]
[White "Young, Daniel"]
[Black "Arapalea, Daniel Ionel"]
[Result "0-1"]
[WhiteElo "1860"]
[BlackElo "1829"]
[PlyCount "52"]
[EventDate "2019.12.08"]
[EventType "swiss (blitz)"]
[EventRounds "11"]
[EventCountry "ENG"]
[SourceTitle "EXT 2021"]
[Source "ChessBase"]
[SourceDate "2020.10.23"]
[SourceVersion "1"]
[SourceVersionDate "2020.10.23"]
[SourceQuality "1"]

1. Nf3 c5 2. c4 Nc6 3. Nc3 b6 4. g3 Bb7 5. Bg2 g6 6. 0-0 Bg7 7. e3 Nf6 8. d4 cxd4 9. exd4 0-0 10. d5 Na5 11. Qd3 Ba6 12. b3 Nb7 13. Ba3 d6 14. Nd4 Nc5 15. Bxc5 bxc5 16. Nc6 Qc7 17. Rfe1 Rae8 18. a4 Ng4 19. Ra2 Ne5 20. Nxe5 Bxe5 21. Nb5 Qd7 22. f4 Bg7 23. Rae2 Bc8 24. Qd2 a6 25. Nc3 Qb7 26. Qd1 Bxc3 0-1

[Event "London Classic op 5th"]
[Site "London"]
[Date "2013.12.12"]
[Round "6"]
[White "Arapalea, Daniel Ionel"]
[Black "McKerracher, Douglas"]
[Result "1-0"]
[WhiteElo "1814"]
[BlackElo "2010"]
[PlyCount "126"]
[EventDate "2013.12.07"]
[EventType "swiss"]
[EventRounds "9"]
[EventCountry "ENG"]
[SourceTitle "CBM 157 Extra"]
[Source "ChessBase"]
[SourceDate "2013.12.19"]
[SourceVersion "1"]
[SourceVersionDate "2013.12.19"]
[SourceQuality "1"]

1. e4 d5 2. exd5 Qxd5 3. Nc3 Qa5 4. Nf3 Nf6 5. b3 Bf5 6. Bb2 e6 7. g3 Be7 8. Bg2 c6 9. 0-0 Nbd7 10. a3 0-0 11. Nh4 Bg4 12. Qe1 Rfe8 13. f3 Bh5 14. b4 Qc7 15. Bh3 a5 16. g4 Bg6 17. Nxg6 hxg6 18. bxa5 Qxa5 19. Kh1 g5 20. Ne4 Nd5 21. Rf2 Nf4 22. Bf1 Nf6 23. Bc3 Qd5 24. h4 Nxe4 25. fxe4 Qd7 26. d4 Qc7 27. e5 c5 28. hxg5 Nd5 29. Bd2 g6 30. c4 Nb6 31. d5 exd5 32. cxd5 Nxd5 33. Bc4 Qc6 34. Qe4 Rad8 35. a4 Kg7 36. Raf1 Rf8 37. Kg1 Qe6 38. Rf6 Bxf6 39. Rxf6 Qc8 40. Bxd5 Rxd5 41. Qxd5 Qxg4+ 42. Kf2 Qh4+ 43. Ke2 Qg4+ 44. Rf3 Qxa4 45. Bc3 Qc2+ 46. Qd2 Qe4+ 47. Kf2 Qh4+ 48. Rg3 Qh2+ 49. Rg2 Qh4+ 50. Kg1 Kg8 51. Qe2 Re8 52. Qe3 Qc4 53. Rh2 Qg4+ 54. Kf2 Re6 55. Qh3 Qf4+ 56. Ke2 Kf8 57. Rf2 Qc4+ 58. Qd3 Qg4+ 59. Qf3 Qc4+ 60. Ke1 Rb6 61. Qh3 Rb1+ 62. Kd2 Qa2+ 63. Ke3 Qe6 1-0